000 00636nam a2200241Ia 4500
003 OSt
005 20221007082244.0
006 a|||||r|||| 00| 0
007 ta
008 221006b |||||||| |||| 00| 0 eng d
024 _a17,093
037 _cReports / Technical Reports
040 _aFLL
_cFLL
_beng
041 _2eng
_aeng
082 _aXM,8(J).2.N644, K4
110 _aGovt. of India
245 0 _aReport of the committee on cooperation
260 _c1964
300 _a78p
_ccm.
700 _aGovt. of India
942 _hXM,8(J).2.N644, K4
_cREP
_2CC
999 _c1165839
_d1165839